000 00640nam a22002417a 4500
003 UA-OsUOA
001 95855
007 ta
008 20130312b un ||||| |||| 00| 0 ukr d
100 _aКаверин В.
090 _a821.161.1
_bК12
942 _cBK
040 _aUA-OsUOA
_brus
_cUA-OsUOA
_dUA-OsUOA
245 _aИсполнение желаний
_bроман
300 _a409 с.
955 _a3
041 _arus
080 _a821.161.1
260 _aМ.
_bСоветский писатель
_c1956
044 _aRU
650 7 _a82 Література. Літературознавство
_2UDC
999 _c382101
_d382101